Metodología de la investigación: propuesta, anteproyecto y proyecto / Héctor Daniel Lerma (Registro nro. 43687)
[ vista simple ]
| 000 -LÍDER | |
|---|---|
| Campo fijo de descripción fija | 006570000a22002170004500 |
| 020 ## - NÚMERO INTERNACIONAL NORMALIZADO PARA LIBROS | |
| Número Internacional Normalizado del libro | 958-648372 |
| 041 0# - CÓDIGO DE IDIOMA | |
| Código de idioma para texto/pista de sonido o título separado | |
| 082 04 - NÚMERO DE CLASIFICACIÓN DECIMAL DEWEY | |
| Número de clasificación | G 371.3 L6161m |
| 001 - NÚMERO DE CONTROL | |
| Campo de control | 14868 |
| 100 1# - ASIENTO PRINCIPAL--NOMBRE PERSONAL | |
| Nombre personal | Lerma, Héctor Daniel |
| 245 10 - TÍTULO | |
| Título del Material | Metodología de la investigación: propuesta, anteproyecto y proyecto / Héctor Daniel Lerma |
| 250 ## - MENCIÓN DE EDICIÓN | |
| Mención de edición | 3 ed. |
| 260 ## - PUBLICACIÓN, DISTRIBUCIÓN, ETC. (PIE DE IMPRENTA) | |
| Lugar de publicación, distribución, etc. | Bogotá : Ecoe |
| 300 ## - DESCRIPCIÓN FÍSICA | |
| Extensión | 165 Pag. |
| 336 ## - CONTENT TYPE | |
| Content type term | texto |
| Content type code | txt |
| Source | rdacontent |
| 337 ## - MEDIA TYPE | |
| Source | rdamedia |
| Media type term | sin mediación |
| Media type code | n |
| 338 ## - CARRIER TYPE | |
| Source | rdacarrier |
| Carrier type term | volumen |
| Carrier type code | nc |
| 650 14 - ASIENTO SECUNDARIO DE MATERIA - TERMINO TEMÁTICO | |
| Término temático o nombre geográfico como elemento de entrada | METODOLOGIA CIENTIFICA \ INVESTIGACION CIENTIFICA \ METODOLOGIA |
| 942 ## - TIPO DE MATERIAL (KOHA) | |
| Tipo de Item KOHA | Libros General |
| Estado de Material | Estado de Perdido | Estado de Dañado | No para Préstamo | Colección | Tomo | Biblioteca de Origen | Biblioteca Permanente | Fecha de Adquisición | Total de Préstamos | Total de Renovaciones | Signatura Topográfica | Código de Barras | Última vez visto | Última vez Préstado | Ejemplar/Existencia | Fecha de Remplazo | Tipo de Material |
|---|---|---|---|---|---|---|---|---|---|---|---|---|---|---|---|---|---|
| Colección General | Biblioteca FUSBC | Biblioteca FUSBC | 29/07/2008 | 2 | 1 | G 371.3 L6161m | 16915 | 02/02/2024 | 10/01/2024 | 1 | 26/01/2016 | Libros General | |||||
| Colección General | Biblioteca FUSBC | Biblioteca FUSBC | 29/07/2008 | 1 | 1 | G 371.3 L6161m | 16917 | 12/12/2019 | 21/06/2019 | 3 | 26/01/2016 | Libros General | |||||
| Colección General | Biblioteca FUSBC | Biblioteca FUSBC | 29/07/2008 | G 371.3 L6161m | 16916 | 12/12/2019 | 2 | 26/01/2016 | Libros General |
